Chýbajú kvalitní sales promotéri

Definícia nástroja sales promotion. Nové trendy v oblasti podpory predaja vďaka digitálnym nástrojom. Základné zručnosti a schopnosti sales promotion tímov a hostesiek. Nedostatok spoľahlivých sales promotérov ako podnet pre vybudovanie nového oddelenia ľudských zdrojov. Snaha o zvyšovanie kvality ľ...

Descripción completa

Guardado en:
Detalles Bibliográficos
Autor principal: Raševová, Kristína
Formato: Capítulo de libro
Lenguaje:eslovaco
Materias:
Etiquetas: Agregar Etiqueta
Sin Etiquetas, Sea el primero en etiquetar este registro!

MARC

LEADER 00000naa a2200000 4500
001 0248493
005 20200305092905.1
041 0 |a slo 
044 |a CZ 
245 1 0 |a Chýbajú kvalitní sales promotéri  |c Kristína Raševová 
520 |a Definícia nástroja sales promotion. Nové trendy v oblasti podpory predaja vďaka digitálnym nástrojom. Základné zručnosti a schopnosti sales promotion tímov a hostesiek. Nedostatok spoľahlivých sales promotérov ako podnet pre vybudovanie nového oddelenia ľudských zdrojov. Snaha o zvyšovanie kvality ľudských zdrojov prostredníctvom HR systému. 
610 2 0 |a podpora predaja 
610 2 0 |a zdroje ľudské 
610 2 0 |a propagácia 
610 2 0 |a značky výrobkov 
610 2 0 |a spokojnosť zákazníkov 
100 1 |a Raševová, Kristína